|
|
|
|
| LEADER |
00000nas a2200000 a 4500 |
| 001 |
ssj0000459 |
| 003 |
WaSeSS |
| 005 |
20200512172242.0 |
| 006 |
m d |
| 007 |
cr n |
| 008 |
080506d19902002pauqr pss 0 a0eng |
| 010 |
|
|
|a 2008247768
|
| 022 |
|
|
|a 2162-6367
|y 1046-7459
|
| 035 |
|
|
|a (WaSeSS)ssj0000459
|
| 040 |
|
|
|a PFM
|b eng
|c PFM
|d DLC
|d OCLCQ
|d OCLCF
|d OCLCQ
|d BUF
|d OCLCQ
|d VT2
|d OCLCO
|d U3W
|d OCLCO
|d NJT
|d OCLCO
|d OCLCA
|d WaSeSS
|
| 042 |
|
|
|a pcc
|a nsdp
|
| 082 |
1 |
0 |
|a 610
|2 14
|
| 210 |
0 |
|
|a Nurs. diagn.
|b (Online)
|
| 222 |
|
0 |
|a Nursing diagnosis
|b (Online)
|
| 245 |
0 |
0 |
|a Nursing diagnosis
|h [electronic resource].
|
| 246 |
1 |
3 |
|a ND
|
| 260 |
|
|
|a [Philadelphia, PA] :
|b [J.B. Lippincott Co.],
|c [1990-2002]
|
| 310 |
|
|
|a Quarterly
|
| 362 |
1 |
|
|a Began with vol. 1, issue 1 (Jan. 1990); ceased with vol. 13, issue 2 (Apr. 2002).
|
| 500 |
|
|
|a Issues for <1997-> have subtitle: Journal of nursing language and classification ; issues for <- Apr./June 2002 have subtitle: International journal of nursing language and classification.
|
| 500 |
|
|
|a Issues listed under current title at some provider's Web site.
|
| 506 |
|
|
|a License restrictions may limit access.
|
| 588 |
|
|
|a Description based on first issue; title from article PDF (Blackwell Synergy, viewed Apr. 22, 2008).
|
| 588 |
|
|
|a Latest issue consulted: Vol. 13, issue 2 (Apr./June 2002) (Wiley Online Library's website, viewed on July 28, 2011).
|
| 610 |
2 |
0 |
|a North American Nursing Diagnosis Association.
|
| 610 |
2 |
7 |
|a North American Nursing Diagnosis Association.
|2 fast
|0 (OCoLC)fst00606120
|
| 650 |
|
0 |
|a Nursing diagnosis
|v Periodicals.
|
| 650 |
|
7 |
|a Nursing diagnosis.
|2 fast
|0 (OCoLC)fst01041886
|
| 650 |
|
2 |
|a Nursing Diagnosis.
|
| 655 |
|
0 |
|a Electronic journals.
|
| 710 |
2 |
|
|a North American Nursing Diagnosis Association.
|
| 776 |
0 |
8 |
|i Print version:
|t Nursing diagnosis
|x 1046-7459
|w (DLC)sn 89003279
|w (OCoLC)20502150
|
| 785 |
0 |
0 |
|t International journal of nursing terminologies and classifications (Online)
|x 1744-618X
|w (DLC) 2005242036
|w (OCoLC)56943750
|
| 856 |
4 |
0 |
|z Full text available from Research Library: 01/01/1998 to 2002
|u https://search.proquest.com/publication/27194
|